| 000 | 00552nam a2200205Ia 4500 | ||
|---|---|---|---|
| 005 | 20250326143543.0 | ||
| 008 | 250326s9999 xx 000 0 und d | ||
| 020 | _a9971-51-402-8 | ||
| 037 | _aTextbook | ||
| 040 |
_aFMSL _beng _cFMSL |
||
| 041 |
_aeng _2eng |
||
| 084 |
_aX:8E P2 _qFMSL |
||
| 100 |
_aWysocki R K _9748189 |
||
| 245 | 0 |
_aEffective project management _cWysocki R K And Others |
|
| 250 | _a2 | ||
| 260 |
_aNew York _bNew York, John Wiley _c2002 |
||
| 300 | _a359p | ||
| 942 |
_cTB _hX:8E P2 |
||
| 999 |
_c1300066 _d1300066 |
||